书目信息 |
| 题名: |
菲利普·斯塔克
|
|
| 作者: | 卡梅尔-亚瑟 编著 ;边冕 译 | |
| 分册: | ||
| 出版信息: | 北京 中国轻工业出版社 2002.01 |
|
| 页数: | 79页 | |
| 开本: | 22cm | |
| 丛书名: | ||
| 单 册: | ||
| 中图分类: | K835.656.16=5 | |
| 科图分类: | ||
| 主题词: | 历史 , 地理 | |
| 电子资源: | ||
| ISBN: | 7-5019-3271-9 | |
| 000 | 01049nam0 2200289 45 | |
| 001 | 0000611822 | |
| 005 | 20070604155011.89 | |
| 010 | @a7-5019-3271-9@dCNY19.80 | |
| 100 | @a20020110d2002 ekmy0chiy0120 ea | |
| 101 | 1 | @achi@ceng |
| 102 | @aCN@b110000 | |
| 105 | @aa z 000yy | |
| 200 | 1 | @a菲利普·斯塔克@AFei Li Pu· Si Ta Ke@f(英)朱迪思·卡梅尔-亚瑟编著@F( Ying ) Zhu Di Si· Ka Mei Er - Ya Se Bian Zhu@g边冕译 |
| 210 | @a北京@c中国轻工业出版社@d2002.01 | |
| 215 | @a79页@c图,照片@d22cm | |
| 312 | @a封面英文题名:Philippe Starck | |
| 330 | @a本书介绍了设计师菲利普·斯塔克的设计经历及作品,从家具设计、日常用品、室内设计、摄影、展示设计到建筑设计,多媒体设计等都进行了介绍。 | |
| 510 | 1 | @aPhilippe Starck@zeng |
| 600 | 1 | @a斯塔克@g(Starck, philippe)@f1949-@x简介 |
| 606 | 0 | @a历史 |
| 606 | 0 | @a地理 |
| 690 | @aK835.656.16=5@v4 | |
| 701 | 1 | @a卡梅尔-亚瑟@AKa Mei Er - Ya Se@b朱迪思@4编著 |
| 702 | 0 | @a边冕@ABian Mian@4译 |
| 801 | 0 | @aCN@b北京万源信海@c20070604 |
| 905 | @aBZT@dK835.656.16=5@e1 | |
| 906 | @dCNY19.80@n0@r1 | |
| 菲利普·斯塔克/(英)朱迪思·卡梅尔-亚瑟编著/边冕译.-北京:中国轻工业出版社,2002.01 |
| 79页:图,照片;22cm |
| ISBN 7-5019-3271-9:CNY19.80 |
| 本书介绍了设计师菲利普·斯塔克的设计经历及作品,从家具设计、日常用品、室内设计、摄影、展示设计到建筑设计,多媒体设计等都进行了介绍。 |
| ● |
| 相关链接 |
|
|
|
正题名:菲利普·斯塔克
索取号:K835.656.16=5/1
 
预约/预借
| 序号 | 登录号 | 条形码 | 馆藏地/架位号 | 状态 | 备注 |
| 1 | 539654 | 230143957 | 中心书库南/016架A面3层5列/ [索取号:K835.656.16=5/1] | 在馆 | |
| 2 | 539655 | 230143956 | 中心书库南/016架A面3层5列/ [索取号:K835.656.16=5/1] | 在馆 | |
| 3 | 539656 | 230143955 | 中心书库南/016架A面3层5列/ [索取号:K835.656.16=5/1] | 在馆 | |
| 4 | 539657 | 230143954 | 中心书库南/016架A面3层5列/ [索取号:K835.656.16=5/1] | 在馆 | |
| 5 | 539658 | 230143953 | 中心书库南/016架A面3层5列/ [索取号:K835.656.16=5/1] | 在馆 | |
| 6 | 539659 | 230143952 | 中心书库南/016架A面3层5列/ [索取号:K835.656.16=5/1] | 在馆 | |
| 7 | 539660 | 230143951 | 中心书库南/016架A面3层5列/ [索取号:K835.656.16=5/1] | 在馆 | |
| 8 | 539661 | 230143950 | 中心书库南/016架A面3层5列/ [索取号:K835.656.16=5/1] | 在馆 | |
| 9 | 539662 | 230143949 | 中心书库南/016架A面3层5列/ [索取号:K835.656.16=5/1] | 在馆 | |
| 10 | 539663 | 230143948 | 中心书库南/016架A面3层5列/ [索取号:K835.656.16=5/1] | 在馆 |